[Event "Bosnjaci op 24th"]
[Site "Bosnjaci"]
[Date "2019.01.07"]
[Round "7"]
[White "Pejic, Ivo"]
[Black "Lesic, Krunoslav"]
[Result "0-1"]
[WhiteElo "1845"]
[BlackElo "2067"]
[PlyCount "58"]
[EventDate "2019.01.03"]
[EventType "swiss"]
[EventRounds "9"]
[EventCountry "CRO"]
[SourceTitle "CBM 188 Extra"]
[Source "ChessBase"]
[SourceDate "2019.02.26"]
[SourceVersion "1"]
[SourceVersionDate "2019.02.26"]
[SourceQuality "1"]

1. e4 e6 2. d4 d5 3. exd5 exd5 4. Nf3 Bf5 5. Bd3 Bxd3 6. Qxd3 c6 7. 0-0 Be7 8. Re1 Na6 9. c3 Nc7 10. Bf4 Ne6 11. Be5 Nf6 12. h3 0-0 13. Nbd2 b5 14. b4 a5 15. a3 Qb6 16. Nh2 axb4 17. axb4 Ra4 18. Nb3 Rfa8 19. Na5 Ne4 20. Rxa4 bxa4 21. f3 Nxc3 22. Bc7 Qb5 23. Qf5 Ne2+ 24. Kf2 Bh4+ 25. g3 Bxg3+ 26. Bxg3 N2xd4 27. Qg4 Qxb4 28. Be5 Qxa5 29. Bxg7 Qd2+ 0-1

[Event "CRO-chT2 Ost"]
[Site "Croatia"]
[Date "2015.10.18"]
[Round "9.34"]
[White "Sasvari, Zelimir"]
[Black "Lesic, Krunoslav"]
[Result "1-0"]
[WhiteElo "2186"]
[BlackElo "2065"]
[PlyCount "51"]
[EventDate "2015.04.25"]
[EventType "team-tourn"]
[EventRounds "11"]
[EventCountry "CRO"]
[SourceTitle "EXT 2016"]
[Source "ChessBase"]
[SourceDate "2015.10.08"]
[SourceVersion "1"]
[SourceVersionDate "2015.10.08"]
[SourceQuality "1"]

1. c4 e5 2. Nc3 Nc6 3. g3 g6 4. Bg2 Bg7 5. Rb1 Nge7 6. b4 d6 7. d3 0-0 8. b5 Nd4 9. e3 Ne6 10. h4 f5 11. Nge2 c6 12. a4 d5 13. Ba3 f4 14. cxd5 f3 15. Bxf3 Rxf3 16. dxe6 Bxe6 17. Ne4 cxb5 18. Rxb5 b6 19. Nf4 exf4 20. Qxf3 Qxd3 21. Bxe7 Bc4 22. Nd2 Bc3 23. Qxa8+ Kf7 24. Qf8+ Ke6 25. Re5+ Kxe5 26. Qf6+ 1-0

[Event "CRO-chT2 Ost"]
[Site "Croatia"]
[Date "2015.05.10"]
[Round "6.34"]
[White "Lesic, Krunoslav"]
[Black "Bubalovic, Davorin"]
[Result "1/2-1/2"]
[WhiteElo "2071"]
[BlackElo "2269"]
[PlyCount "66"]
[EventDate "2015.04.25"]
[EventType "team-tourn"]
[EventRounds "11"]
[EventCountry "CRO"]
[SourceTitle "EXT 2016"]
[Source "ChessBase"]
[SourceDate "2015.10.08"]
[SourceVersion "1"]
[SourceVersionDate "2015.10.08"]
[SourceQuality "1"]

1. e4 c5 2. Nf3 d6 3. Bb5+ Bd7 4. Bxd7+ Qxd7 5. c4 Nf6 6. Nc3 g6 7. d4 cxd4 8. Nxd4 Bg7 9. f3 0-0 10. Be3 Rc8 11. b3 Nc6 12. 0-0 Qd8 13. Rc1 Nd7 14. Rf2 Nc5 15. f4 Qa5 16. Nxc6 bxc6 17. Bd4 e5 18. fxe5 dxe5 19. Be3 Rd8 20. Rd2 Rxd2 21. Qxd2 Rd8 22. b4 Qc7 23. Qc2 Nd3 24. Rb1 Bf8 25. a3 a5 26. Na4 axb4 27. Bb6 Qd6 28. Bxd8 Qd4+ 29. Kf1 Qxe4 30. Rd1 Qf4+ 31. Kg1 Qd4+ 32. Kf1 Qf4+ 33. Kg1 Qd4+ 1/2-1/2

[Event "CRO-chT2 Ost"]
[Site "Croatia"]
[Date "2015.05.09"]
[Round "5.53"]
[White "Lesic, Krunoslav"]
[Black "Vince, Renato"]
[Result "1-0"]
[WhiteElo "2071"]
[BlackElo "2142"]
[PlyCount "65"]
[EventDate "2015.04.25"]
[EventType "team-tourn"]
[EventRounds "11"]
[EventCountry "CRO"]
[SourceTitle "EXT 2016"]
[Source "ChessBase"]
[SourceDate "2015.10.08"]
[SourceVersion "1"]
[SourceVersionDate "2015.10.08"]
[SourceQuality "1"]

1. e4 e5 2. Nf3 Nc6 3. Bc4 Bc5 4. c3 d6 5. d4 exd4 6. cxd4 Bb4+ 7. Bd2 Bxd2+ 8. Qxd2 Bg4 9. Qf4 Bh5 10. g4 Bg6 11. h4 Qf6 12. Qe3 h5 13. g5 Qe7 14. Nc3 Nb4 15. 0-0-0 c6 16. d5 c5 17. a3 Na6 18. Bb5+ Kd8 19. e5 Nc7 20. Qf4 Nxb5 21. Nxb5 a6 22. Nxd6 b5 23. e6 f6 24. Nf7+ Bxf7 25. exf7 Qxf7 26. Ne5 Qe8 27. Nc6+ Kc8 28. Rhe1 Qd7 29. Re6 fxg5 30. hxg5 h4 31. Qf8+ Kb7 32. Na5+ Ka7 33. Qxc5+ 1-0

[Event "CRO-chT2 Ost"]
[Site "Croatia"]
[Date "2015.04.25"]
[Round "2.14"]
[White "Lesic, Krunoslav"]
[Black "Abramovic, Darko"]
[Result "0-1"]
[WhiteElo "2071"]
[BlackElo "2109"]
[PlyCount "66"]
[EventDate "2015.04.25"]
[EventType "team-tourn"]
[EventRounds "11"]
[EventCountry "CRO"]
[SourceTitle "EXT 2016"]
[Source "ChessBase"]
[SourceDate "2015.10.08"]
[SourceVersion "1"]
[SourceVersionDate "2015.10.08"]
[SourceQuality "1"]

1. e4 e6 2. d4 d5 3. e5 c5 4. c3 Bd7 5. Bd3 Qb6 6. Ne2 cxd4 7. cxd4 Bb5 8. Bc2 Bxe2 9. Kxe2 Nc6 10. Ba4 Nge7 11. b3 Nf5 12. Bb2 Be7 13. g4 Nh4 14. Qd3 0-0 15. Bxc6 bxc6 16. Nc3 f6 17. Na4 Qc7 18. exf6 Rxf6 19. Qg3 Rf4 20. Bc1 Re4+ 21. Be3 Qb7 22. Nc3 Qa6+ 23. Kd2 Rf8 24. Kc2 Bb4 25. Qxh4 Bxc3 26. Kxc3 c5 27. Rhd1 e5 28. Kb2 exd4 29. Bd2 c4 30. Bb4 c3+ 31. Kc1 Qe2 32. Ba3 d3 33. Qh5 Qc2# 0-1

[Event "Bosnjaci op 20th"]
[Site "Bosnjaci"]
[Date "2015.01.07"]
[Round "7"]
[White "Lesic, Krunoslav"]
[Black "Stocko, Josip"]
[Result "0-1"]
[WhiteElo "2067"]
[BlackElo "2327"]
[PlyCount "46"]
[EventDate "2015.01.03"]
[EventType "swiss"]
[EventRounds "9"]
[EventCountry "CRO"]
[SourceTitle "CBM 164 Extra"]
[Source "ChessBase"]
[SourceDate "2015.03.02"]
[SourceVersion "1"]
[SourceVersionDate "2015.03.02"]
[SourceQuality "1"]

1. e4 c5 2. Nf3 d6 3. d4 cxd4 4. Nxd4 Nf6 5. Nc3 a6 6. Bc4 e6 7. 0-0 Be7 8. Re1 0-0 9. Qf3 Qc7 10. Bb3 Nc6 11. Nce2 Ne5 12. Qc3 Qxc3 13. Nxc3 Bd7 14. Bf4 Rac8 15. Rad1 b5 16. Bg3 Rfd8 17. f4 Nc4 18. Bxc4 Rxc4 19. Bh4 Re8 20. Bxf6 gxf6 21. e5 dxe5 22. fxe5 Rxd4 23. Ne4 fxe5 0-1

[Event "CRO-chT2 East"]
[Site "Croatia"]
[Date "2014.05.10"]
[Round "5.34"]
[White "Bubalovic, Davorin"]
[Black "Lesic, Krunoslav"]
[Result "1/2-1/2"]
[WhiteElo "2292"]
[BlackElo "2041"]
[PlyCount "139"]
[EventDate "2014.04.26"]
[EventType "team-tourn"]
[EventRounds "11"]
[EventCountry "CRO"]
[SourceTitle "EXT 2019"]
[Source "ChessBase"]
[SourceDate "2018.10.10"]
[SourceVersion "1"]
[SourceVersionDate "2018.10.10"]
[SourceQuality "1"]

1. e4 e6 2. d4 d5 3. Nc3 dxe4 4. Nxe4 Nf6 5. Nxf6+ Qxf6 6. Nf3 h6 7. Bd3 Bd6 8. Qe2 Nc6 9. c3 a6 10. 0-0 b6 11. Be4 Bb7 12. Ne5 Qh4 13. g3 Nxd4 14. cxd4 Qxe4 15. Qxe4 Bxe4 16. Nc4 Bd3 17. Nxd6+ cxd6 18. Rd1 Bc2 19. Re1 Kd7 20. Be3 b5 21. Kg2 Rhc8 22. Kf3 f6 23. Ke2 e5 24. Kd2 Ke6 25. Rac1 Bg6 26. f4 e4 27. Rg1 Be8 28. g4 Bf7 29. h3 Kd7 30. a3 a5 31. Rxc8 Rxc8 32. Rc1 Rb8 33. Ra1 Bc4 34. Kc3 d5 35. b3 Bd3 36. Kb2 a4 37. Rc1 axb3 38. Kxb3 Bc4+ 39. Kc3 Ra8 40. Kb2 Kc6 41. Bd2 Re8 42. Re1 g5 43. Be3 b4 44. axb4 Kb5 45. Ra1 gxf4 46. Bxf4 e3 47. Bxh6 e2 48. Bd2 Rh8 49. Rh1 Bd3 50. h4 Kc4 51. h5 Be4 52. Rh3 Kxd4 53. Re3 Bd3 54. Re7 Be4 55. Rc7 Kd3 56. Be1 Ke3 57. Rc6 d4 58. Rxf6 d3 59. Bf2+ Kd2 60. Re6 Bf3 61. b5 Bxg4 62. Be3+ Ke1 63. Rd6 Bf5 64. Rd5 Be4 65. Rd4 Kd1 66. Bf2 Bh7 67. Ra4 Rb8 68. b6 Rxb6+ 69. Bxb6 e1Q 70. Ra1+ 1/2-1/2

[Event "Bosnjaci op 19th"]
[Site "Bosnjaci"]
[Date "2014.01.04"]
[Round "2"]
[White "Burovic, Ismet"]
[Black "Lesic, Krunoslav"]
[Result "1-0"]
[WhiteElo "2372"]
[BlackElo "2050"]
[PlyCount "59"]
[EventDate "2014.01.03"]
[EventType "swiss"]
[EventRounds "9"]
[EventCountry "CRO"]
[SourceTitle "CBM 158 Extra"]
[Source "ChessBase"]
[SourceDate "2014.02.28"]
[SourceVersion "1"]
[SourceVersionDate "2014.02.28"]
[SourceQuality "1"]

1. e4 e6 2. d3 d5 3. Nd2 Nf6 4. Ngf3 Be7 5. g3 0-0 6. Bg2 c5 7. 0-0 Nc6 8. Re1 h6 9. c3 b5 10. exd5 exd5 11. Nb3 Be6 12. Be3 Nd7 13. d4 c4 14. Nc1 a5 15. Ne2 Nb6 16. Ne5 Rc8 17. Nf4 Bf5 18. Qh5 g6 19. Qxh6 Bg5 20. Ne6 Bxh6 21. Nxd8 Nxe5 22. Bxh6 Rfxd8 23. Rxe5 f6 24. Re7 Na4 25. Rae1 b4 26. Rg7+ Kh8 27. Ree7 g5 28. Bh3 Bd3 29. Rh7+ Bxh7 30. Bg7+ 1-0

[Event "CRO-chT2 East"]
[Site "Osijek"]
[Date "2013.10.12"]
[Round "8.66"]
[White "Stanic, Ivica"]
[Black "Lesic, Krunoslav"]
[Result "0-1"]
[WhiteElo "2029"]
[BlackElo "2001"]
[PlyCount "94"]
[EventDate "2013.04.20"]
[EventType "team-tourn"]
[EventRounds "11"]
[EventCountry "CRO"]
[SourceTitle "EXT 2023"]
[Source "ChessBase"]
[SourceDate "2022.10.05"]
[SourceVersion "1"]
[SourceVersionDate "2022.10.05"]
[SourceQuality "1"]

1. c4 e6 2. Nc3 d5 3. e3 Nf6 4. Nf3 c6 5. Be2 dxc4 6. Bxc4 b5 7. Be2 a5 8. a3 Ba6 9. 0-0 Nbd7 10. d4 b4 11. axb4 Bxe2 12. Nxe2 axb4 13. Rxa8 Qxa8 14. Qb3 Be7 15. Bd2 0-0 16. Rc1 Rb8 17. Ng3 c5 18. dxc5 Nxc5 19. Qc4 Qa4 20. e4 Nb3 21. Qc2 Qa2 22. Rd1 Nc5 23. Bf4 Ra8 24. Be5 Qa6 25. Bd4 b3 26. Qc3 Qb5 27. Qe3 h6 28. h3 Rc8 29. Rc1 Nfd7 30. Rc3 Rb8 31. e5 Na4 32. Rc7 Bd8 33. Ra7 Bb6 34. Bxb6 Naxb6 35. Qd4 Qd5 36. Qxd5 exd5 37. Rc7 Nf8 38. Ne1 Ne6 39. Rc1 Nf4 40. Rb1 Nc4 41. Nf5 Ne2+ 42. Kh2 Re8 43. Nd3 Nxe5 44. Nc5 g6 45. Nxh6+ Kg7 46. Ng4 Nxg4+ 47. hxg4 Rh8# 0-1

[Event "CRO-chT2 East"]
[Site "Osijek"]
[Date "2013.05.11"]
[Round "4.56"]
[White "Lesic, Krunoslav"]
[Black "Ozanic, Marijan"]
[Result "1-0"]
[WhiteElo "2001"]
[BlackElo "2133"]
[PlyCount "49"]
[EventDate "2013.04.20"]
[EventType "team-tourn"]
[EventRounds "11"]
[EventCountry "CRO"]
[SourceTitle "EXT 2023"]
[Source "ChessBase"]
[SourceDate "2022.10.05"]
[SourceVersion "1"]
[SourceVersionDate "2022.10.05"]
[SourceQuality "1"]

1. e4 c5 2. Nf3 Nc6 3. Nc3 d6 4. d4 cxd4 5. Nxd4 e6 6. Be3 Nf6 7. Bd3 Nxd4 8. Bxd4 Be7 9. f4 0-0 10. Qf3 Nd7 11. 0-0 Bf6 12. Bxf6 Qxf6 13. Rad1 Nc5 14. Bc4 Qe7 15. f5 Nd7 16. Qg3 exf5 17. exf5 Qe5 18. Qh4 Nf6 19. Nd5 Nxd5 20. Rxd5 Qe3+ 21. Kh1 Bd7 22. f6 h6 23. fxg7 Rfe8 24. Rh5 Be6 25. Rxh6 1-0

[Event "Vukovar Srijem CupT 6th"]
[Site "Tompojevci"]
[Date "2013.03.09"]
[Round "2.2"]
[White "Cekic, Milenko"]
[Black "Lesic, Krunoslav"]
[Result "1-0"]
[WhiteElo "1892"]
[BlackElo "2001"]
[PlyCount "57"]
[EventDate "2013.03.08"]
[EventType "team-swiss"]
[EventRounds "5"]
[EventCountry "CRO"]
[SourceTitle "EXT 2014"]
[Source "ChessBase"]
[SourceDate "2013.11.20"]
[SourceVersion "1"]
[SourceVersionDate "2013.11.20"]
[SourceQuality "1"]
[WhiteTeam "Borovo Vukovar"]
[BlackTeam "Sladorana Zupanja"]
[WhiteTeamCountry "CRO"]
[BlackTeamCountry "CRO"]

1. d4 e6 2. Nf3 d5 3. c3 c5 4. e3 Nc6 5. Bd3 Nf6 6. 0-0 c4 7. Bc2 b5 8. Nbd2 b4 9. e4 bxc3 10. bxc3 Qa5 11. Bb2 Rb8 12. Qc1 Be7 13. e5 Nd7 14. a4 0-0 15. Ba3 g6 16. Bxe7 Nxe7 17. Qa3 Nc6 18. Rfb1 Rxb1+ 19. Rxb1 Nb6 20. Rb5 Qa6 21. h4 Bd7 22. Rc5 Na5 23. Rc7 Be8 24. Qe7 Nc6 25. Qf6 Nd7 26. Rxd7 Bxd7 27. h5 Rb8 28. Ng5 Be8 29. h6 1-0

[Event "Vukovar Srijem CupT 6th"]
[Site "Tompojevci"]
[Date "2013.03.09"]
[Round "3.1"]
[White "Katic, Zeljko"]
[Black "Lesic, Krunoslav"]
[Result "1-0"]
[WhiteElo "2038"]
[BlackElo "2001"]
[PlyCount "115"]
[EventDate "2013.03.08"]
[EventType "team-swiss"]
[EventRounds "5"]
[EventCountry "CRO"]
[SourceTitle "EXT 2014"]
[Source "ChessBase"]
[SourceDate "2013.11.20"]
[SourceVersion "1"]
[SourceVersionDate "2013.11.20"]
[SourceQuality "1"]
[WhiteTeam "Vinkovci"]
[BlackTeam "Sladorana Zupanja"]
[WhiteTeamCountry "CRO"]
[BlackTeamCountry "CRO"]

1. Nf3 c5 2. b3 Nc6 3. Bb2 d5 4. e3 a6 5. h3 Qc7 6. d4 Nf6 7. Be2 Bf5 8. Bd3 Ne4 9. c3 cxd4 10. exd4 h6 11. 0-0 e6 12. Qe2 Qf4 13. Bc1 Qc7 14. Bd2 Bd6 15. Re1 0-0 16. a3 Na5 17. Bc2 Rac8 18. b4 Nxd2 19. Qxd2 Nc4 20. Qe2 Bxc2 21. Qxc2 b5 22. Qe2 Nb6 23. Ra2 Nc4 24. Rc2 a5 25. g3 axb4 26. cxb4 Ra8 27. Qd3 Rfb8 28. Ree2 Qe7 29. Kg2 Ra6 30. Rc3 Qb7 31. Kh2 Rba8 32. Nfd2 Nb2 33. Qf3 Na4 34. Rc2 Rc8 35. Nb3 Raa8 36. Qd3 Rab8 37. f4 Qd7 38. Kg2 Rc4 39. Nc5 Nxc5 40. bxc5 Be7 41. Nd2 Rxc2 42. Qxc2 b4 43. axb4 Rxb4 44. Nf3 Qb5 45. Rd2 Rb1 46. Qd3 Qb4 47. Rc2 Rb3 48. Qe2 Bf6 49. c6 Qb8 50. c7 Qc8 51. Qd2 Be7 52. Qa5 Kh7 53. Ne5 Rb7 54. Qa6 Bd8 55. Nxf7 Bxc7 56. Nd6 Qf8 57. Nxb7 Bb8 58. Qxe6 1-0

[Event "CRO-chT2 Ost"]
[Site "Osijek"]
[Date "2012.10.06"]
[Round "8.46"]
[White "Lesic, Krunoslav"]
[Black "Bjelica, Vladimir"]
[Result "0-1"]
[WhiteElo "2019"]
[BlackElo "2057"]
[PlyCount "80"]
[EventDate "2012.04.21"]
[EventType "team-tourn"]
[EventRounds "11"]
[EventCountry "CRO"]
[SourceTitle "EXT 2014"]
[Source "ChessBase"]
[SourceDate "2013.11.20"]
[SourceVersion "1"]
[SourceVersionDate "2013.11.20"]
[SourceQuality "1"]

1. e4 c5 2. Nf3 Nc6 3. c3 d5 4. exd5 Qxd5 5. d4 cxd4 6. cxd4 e6 7. Nc3 Bb4 8. Be2 Nge7 9. 0-0 Bxc3 10. bxc3 0-0 11. Re1 b6 12. Bd3 Bb7 13. Ba3 Rfe8 14. Be4 Qh5 15. Rb1 Na5 16. Bxb7 Nxb7 17. Re5 Qh6 18. Bc1 Qg6 19. Rbb5 Nf5 20. Qe2 Nbd6 21. Rb3 h6 22. h3 Rac8 23. Kh2 Nc4 24. Re4 Kh7 25. Qd3 Nfd6 26. Re3 Nxe3 27. Qxe3 Qe4 28. Qd2 Nc4 29. Qd1 Red8 30. Nd2 Nxd2 31. Bxd2 e5 32. Be3 f5 33. Rb5 exd4 34. Bxd4 Rxc3 35. Qh5 Qxd4 36. Rxf5 Rc5 37. g4 Rxf5 38. gxf5 Qf4+ 39. Kh1 Qg5 40. Qf3 Rf8 0-1

[Event "CRO-chT2 Ost"]
[Site "Osijek"]
[Date "2012.10.06"]
[Round "7.46"]
[White "Sargac, Rajna"]
[Black "Lesic, Krunoslav"]
[Result "1-0"]
[WhiteElo "2134"]
[BlackElo "2019"]
[PlyCount "97"]
[EventDate "2012.04.21"]
[EventType "team-tourn"]
[EventRounds "11"]
[EventCountry "CRO"]
[SourceTitle "EXT 2014"]
[Source "ChessBase"]
[SourceDate "2013.11.20"]
[SourceVersion "1"]
[SourceVersionDate "2013.11.20"]
[SourceQuality "1"]

1. e4 e6 2. d4 d5 3. Nd2 Nf6 4. e5 Nfd7 5. c4 c5 6. cxd5 exd5 7. Bd3 cxd4 8. Ngf3 Nc6 9. 0-0 Nc5 10. Nb3 Bg4 11. Nxc5 Bxc5 12. Re1 0-0 13. Bxh7+ Kh8 14. Bd3 Re8 15. h3 Bh5 16. g4 Bg6 17. Bxg6 fxg6 18. Qc2 Rf8 19. Ng5 Be7 20. Ne6 Qe8 21. Nxf8 Bxf8 22. Bf4 Rc8 23. Rac1 Qf7 24. Bg3 Bb4 25. e6 Qf3 26. Qd1 Qxd1 27. Rexd1 Re8 28. a3 Ba5 29. b4 Bb6 30. b5 Na5 31. Bc7 Rxe6 32. Bxb6 Rxb6 33. Rxd4 Rxb5 34. a4 Rb3 35. Rxd5 Nc6 36. Rb5 Ra3 37. Rxb7 Nd4 38. Rc8+ Kh7 39. Rcc7 Rxa4 40. Rxg7+ Kh6 41. Kg2 Ne6 42. Rh7+ Kg5 43. Rxa7 Rc4 44. Ra5+ Kf6 45. Ra6 Re4 46. Kg3 Re1 47. h4 Rg1+ 48. Kf3 g5 49. Rh6+ 1-0

[Event "Pula op 20th"]
[Site "Pula"]
[Date "2006.06.20"]
[Round "3"]
[White "Hager, Franz"]
[Black "Lesic, Krunoslav"]
[Result "1-0"]
[WhiteElo "2234"]
[BlackElo "2074"]
[PlyCount "27"]
[EventDate "2006.06.18"]
[EventType "swiss"]
[EventRounds "9"]
[EventCountry "CRO"]
[SourceTitle "CBM 112 Extra"]
[Source "ChessBase"]
[SourceDate "2006.07.14"]
[SourceVersion "1"]
[SourceVersionDate "2006.07.14"]
[SourceQuality "1"]

1. d4 e6 2. c4 d5 3. Nc3 Nf6 4. Nf3 b6 5. cxd5 exd5 6. Bf4 Bd6 7. Bxd6 Qxd6 8. e3 0-0 9. Rc1 Qb4 10. a3 Qxb2 11. Nb5 Na6 12. Rb1 Qa2 13. Qc1 Nc5 14. dxc5 1-0